Name their Biggest Songs #1 - Statistics

General Stats
  • This quiz has been taken 56 times
  • The average score is 9 of 15
Answer Stats
Artist Songs % Correct
Nirvana Smells Like Teen Spirit | Come As You Are | Heart-Shaped Box
90%
Eagles Hotel California | Take it Easy | Life in the Fast Lane
80%
Bruce Springsteen Dancing In the Dark | I'm On Fire | Born In the U.S.A.
73%
Metallica Enter Sandman | Nothing Else Matters | Master of Puppets
71%
David Bowie Starman | Heroes | Space Oddity
71%
The Beatles Here Comes the Sun | Come Together | Let it Be
69%
Elton John Cold Heart | I'm Still Standing | Rocketman
67%
Miley Cyrus Flowers | Party In The U.S.A. | Angels Like You
59%
Daft Punk Get Lucky | One More Time | Instant Crush
55%
Lana Del Rey Summertime Sadness | Young and Beautiful | Video Games
53%
Ariana Grande 7 Rings | One Last Time | Into You
51%
Foo Fighters Everlong | The Pretender | Best of You
49%
Travis Scott goosebumps | SICKO MODE | HIGHEST IN THE ROOM
41%
Kendrick Lamar HUMBLE. | All The Stars | Money Trees
39%
Bruno Mars When I Was Your Man | That's What I Like | Locked Out Of Heaven
35%
No matching quizzes found
Score Distribution
Percent of People with Each Score
Percentile by Number Answered
Your Score History
You have not taken this quiz